000 01104nam a22003737a 4500
003 CHAP
005 20220817044149.0
008 070507s2006 it rn 00010 eng d
010 _a93611
011 _a94583
020 _a9789251055922
035 _a105178
040 _cCHAP
082 0 4 _a631.8
_bF24y v.17
110 2 _aFAO
245 1 0 _aFertilizer use by crop
_c/by FAO
260 _aRome :
_bFAO,
_c2006.
300 _a108 p.
410 2 0 _aFAO
490 0 _aFAO. Fertilizantes y nutrición vegetal
_v; 17
590 _aBATCH-UPD
_b10
_c20130110
_lUCH01
_h1203
590 _aBATCH-UPD
_b10
_c20130410
_lUCH01
_h0745
590 _aBATCH-UPD
_b10
_c20130914
_lUCH01
_h1347
590 _aCONVERSION
_b10
_c20130109
_lUCH01
_h1352
650 1 4 _aFertilizantes.
_940447
650 1 4 _aFertilizantes
_xEfecto en plantas.
650 1 4 _aPlantas
_xNutrición.
_988874
810 0 _aFAO
830 0 0 _aFAO. Fertilizantes y nutrición vegetal
_v; 17
_939563
901 _aBK
905 _aLilia
942 _cLIBRO
949 _a631.8 F24y v.17
_bBC
_cFAO
_d33724002029207
_eFAO1
_gDonaciØn
_h108640
_i105178
_st
999 _c93611
_d93611